000 01814nam a22004577a 4500
003 CHAP
005 20220329143521.0
008 100324s2009 mx r 00010 spa d
010 _a97878
011 _a98850
035 _a109535
040 _cCHAP
090 _aTesis
100 1 _aMeda Alducin, Pedro
_973831
245 1 0 _aGanancia de peso en corderos alimentados con tres niveles de proteina cruda en la ración
_c/por Pedro Meda Alducin y Jorge Alonso Maldonado Jaquez
260 _aBermejillo, Dgo. :
_bEl autor,
_c2009
300 _axv, 57 h. :
_bgráfs., tablas,
502 _aTesis (Ing. Agr. en Sistemas Pecuarios de Zonas Áridas) -- UACH. Unidad Regional Universitaria de Zonas Áridas
530 _aTambién disponible en línea
590 _aALEPH
_b10
_c20130110
_lUCH01
_h1532
590 _aBATCH-UPD
_b10
_c20130110
_lUCH01
_h0946
590 _aBATCH-UPD
_b10
_c20130410
_lUCH01
_h0601
590 _aBATCH-UPD
_b10
_c20130913
_lUCH01
_h2239
590 _aBATCH-UPD
_b10
_c20140324
_lUCH01
_h1515
590 _aBATCH-UPD
_b10
_c20141002
_lUCH01
_h0842
590 _aCONVERSION
_b10
_c20130109
_lUCH01
_h1354
650 1 4 _aAgua
_xCalidad.
_92316
650 1 4 _aGanado lanar
_xAlimentación.
_945153
650 1 4 _aGanado lanar
_xEngorda.
_945175
650 1 4 _aGanado lanar
_xPeso.
_945211
650 1 4 _aGanado lanar
_xRazas.
_945218
650 1 4 _aMateria seca.
_972933
650 1 4 _aProteínas en nutrición animal.
_992454
650 1 4 _aRacionamiento de alimentos.
_993645
700 1 _aMaldonado Jaquez, Jorge Alonso
_970104
856 _3Finding aid
_uhttp://10.13.5.2/tesis/109535.pdf
_zTeclea aqui
901 _aBK
942 _cFOLL
949 _aTesis
_bBC
_cTES
_d33724002161082
_eTS1
_gDonaciØn
_h50179
_i109535
_sb
949 _aTesis
_bBC
_cTES
_d33724002161124
_eTS2
_fc.2
_gDonaciØn
_h50180
_i109535
_sb
999 _c97878
_d97878